Responses for Show #2588 - Wednesday, November 29, 1995

Contestants

[<< previous game]

Justin Sockett, a travel company manager from Boston, Massachusetts

Tim Donahue, a program coordinator from Kaneohe, Hawaii

Sandy Atkins-Moran, an artist from Carrollton, Texas (whose 1-day cash winnings total $10,401)

Jeopardy! Round responses

ASTRONOMY
THE MOVIES
COLORS
AMERICAN HISTORY
SHAKESPEAREAN CHARACTERS
"OLD" NEWS
    $100 25
the Milky Way

Tim
    $100 7
Robert Redford

Tim
    $100 1
yellow

Justin
    $100 2
alcohol

Justin
    $100 4
Joan of Arc

Sandy
    $100 16
Old English

Sandy
    $200 27
(Alex: A small heavenly body would make it [*].)

an asteroid

Triple Stumper
    $200 8
football

Sandy
    $200 5
pearl

Tim
    $200 3
infection (or disease)

Tim
    $200 21
Troilus and Cressida

Sandy
    $200 17
Old Faithful

Sandy
    $300 28
Venus

Sandy
    $300 9
"Love means never having to say you're sorry"

Sandy
    $300 6
orange

Triple Stumper
    $300 14
New Jersey

Justin
    $300 22
Julius Caesar

Tim
    $300 18
Old Ironsides

Tim
    $400 29
(Justin: Who is Francis Bacon?)

Edmond Halley

Justin
Triple Stumper
    $400 10
Sleepless in Seattle

Sandy
    $400 12
Wedgwood

Sandy
    $400 15
Aimee Semple McPherson

Sandy
    $400 23
Titus Andronicus

Justin
    $400 19
the Old Masters

Tim
    $500 30
(Sandy: What is a nova?)
(Alex: Be more specific.)

a supernova

Sandy
    $500 11
Fort Apache, the Bronx

Sandy
    $500 13
verdigris

Sandy
    $1,000 26
(Tim: What is June 13?)
(Alex: Oh, you missed it by 24 hours. [*]. Darn.)

June 14

Tim
    $500 24
The Comedy of Errors

Justin
    $500 20
the Old Kingdom

Sandy

Scores at the first commercial break (after clue 15):

Sandy Tim Justin
$2,800 $500 $500

Scores at the end of the Jeopardy! Round:

Sandy Tim Justin
$4,600 $600 $1,000

Double Jeopardy! Round responses

16th CENTURY NAMES
BALLET
POLITICIANS
DOGS
LITERATURE
"NEW" GEOGRAPHY
    $200 18
Ivan the Terrible

Tim
    $200 22
Billy the Kid

Sandy
    $200 6
Jefferson Davis

Tim
    $200 13
Asia

Justin
    $200 8
Mark Twain

Sandy
    $200 1
(Tim: What's New Brunswick?)

Newfoundland

TimJustin
    $400 19
Elizabeth I

Tim
    $400 23
Bizet

Tim
    $400 7
Bill Clinton

Sandy
    $400 17
Irish

Justin
    $400 9
the Hunchback of Notre Dame (Quasimodo)

Sandy
    $400 2
New Caledonia

Sandy
    $600 20
(Sandy: Who is Cortes?)

Pizarro

SandyJustin
    $600 27
Nijinsky

Tim
    $600 11
(Sandy: Who is Douglas?)

Henry Clay

SandyTim
    $600 24
(Alex: And we have less than a minute to go.)

a Dalmatian

Tim
    $600 10
King Solomon's Mines

Justin
    $600 3
New Delhi

Tim
    $800 21
El Greco

Sandy
    $800 29
[The end-of-round signal sounds.]

Leslie Caron

Triple Stumper
    $800 12
Connecticut

Tim
    $800 25
a terrier

Justin
    $3,000 15
(Sandy: What is Brave New World?)

1984

Sandy
    $800 4
New Guinea

Justin
    $1000 26
Erasmus

Justin
    $1000 28
Firebird

Sandy
    $1000 14
Sam Rayburn (or John Nance Garner or Jim Wright)

Sandy
    $1000 16
(Tim: What's Typee?)

Omoo

Tim
Triple Stumper
    $1000 5
New South Wales

Justin

Scores at the end of the Double Jeopardy! Round:

Sandy Tim Justin
$4,800 $3,800 $6,600

[wagering suggestions for these scores]

Final Jeopardy! Round responses

INVENTORS
TimWhat is air conditioning
$3,800
SandyWhat is air conditioning?
$4,000
JustinWhat is air conditioning?
$3,001
air conditioning

Final scores:

Sandy Tim Justin
$8,800 $7,600 $9,601
2nd place: Asko washer & dryer + Service Merchandise gift certificate 3rd place: JVC camcorder New champion: $9,601

Game dynamics:

Coryat scores:

Sandy Tim Justin
$7,800 $4,800 $6,600
22 R,
3 W
(including 1 DD)
16 R
(including 1 DD),
3 W
(including 1 DD)
14 R,
1 W

Combined Coryat: $19,200

[game clues] [game scores] [suggest correction]

Game tape date: Unknown
The J! Archive is created by fans, for fans. Scraping, republication, monetization, and malicious use prohibited; this site may use cookies and collect identifying information. See terms. The Jeopardy! game show and all elements thereof, including but not limited to copyright and trademark thereto, are the property of Jeopardy Productions, Inc. and are protected under law. This website is not affiliated with, sponsored by, or operated by Jeopardy Productions, Inc. Join the discussion at JBoard.tv.